Normal view
MARC view
- Abu Hikmah al-Husni
Entry Personal Name
001 - CONTROL NUMBER
- control field: 2027
003 - CONTROL NUMBER IDENTIFIER
- control field: OSt
005 - DATE AND TIME OF LATEST TRANSACTION
- control field: 20170508095536.0
008 - FIXED-LENGTH DATA ELEMENTS
- fixed length control field: 170508|| aca||aabn | a|a d
040 ## - CATALOGING SOURCE
- Original cataloging agency: OSt
- Transcribing agency: OSt
100 ## - HEADING--PERSONAL NAME
- Personal name: Abu Hikmah al-Husni
670 ## - SOURCE DATA FOUND
- Source citation: Work cat.: (OSt)0: Latibiy, Aqasyah Abdul Manan 2025, Golongan yang dijanjikan neraka /, 2000

PORTAL AKMAL
E-MEL JKDM
AKMAL2U
G-BAM
u-PUSTAKA